Thankful Blossom

Guardado en:
Bibliografiske detaljer
Hovedforfatter: Bret Harte, Francis
Format: Bog
Sprog:Undetermined
Udgivet: Barcelona, España Laertes S.A. 1981
Fag:
Tags: Tilføj Tag
Ingen Tags, Vær først til at tagge denne postø!

MARC

LEADER 00000nam a2200000Ia 4500
008 170316s9999 xx 000 0 und d
999 |c 5446  |d 5446 
040 |a cru BVZT 
090 |a 810 B-19t 
100 |a Bret Harte, Francis 
245 |a Thankful Blossom  |c  / Francis Bret Harte 
260 |a Barcelona, España  |b Laertes S.A.  |c 1981 
300 |a 102 páginas 
650 |a LITERATURA ESTADOUNIDENSE  |9 25 
650 |a NOVELA  |9 13 
942 |c 15 D  |h 810 B-19t  |2 z